[Event "Nacional Masters POR 2017-18"]
[Site "Cascais"]
[Date "2018.08.15"]
[Round "7"]
[White "Guerra, Vitor Manuel Vestia"]
[Black "Santos, Antonio Pereira"]
[Result "1-0"]
[WhiteElo "2127"]
[BlackElo "2194"]
[Annotator "TA"]
[PlyCount "61"]
[EventDate "2018.08.11"]
[EventType "tourn"]
[EventCountry "POR"]
[SourceTitle "playchess.com"]
[Source "ChessBase"]
[SourceQuality "1"]

{[%evp 9,61,-43,-6,-8,-7,-10,0,0,0,-3,7,-11,9,-23,-47,-48,-16,-27,0,0,0,0,0,0,2,-29,-29,-51,-7,-16,-12,-16,-13,-52,-50,-46,-50,-120,-118,-206,-71,-72,-65,-66,-66,-72,0,0,327,295,503,482,1993,1570]} 1. d4 d5 2. c4 dxc4 3. Nc3 a6 4. a4 Nf6 (4... Nc6 5. Nf3 Nf6 6. Bg5 h6 7. Bh4 Bg4 8. e3 Na5 9. h3 Bxf3 10. Qxf3 e6 11. g4 Be7 12. Rd1 c6 13. Bg2 Nd5 14. Bxe7 Qxe7 {0-1 (39) Fridman,D (2627)-Landa,K (2662) Rosmalen 2014}) 5. Bg5 h6 $146 ({Predecessor:} 5... Nc6 6. e3 Na5 7. Nf3 Bg4 8. h3 Bxf3 9. Qxf3 c6 10. g4 e6 11. Bxf6 Qxf6 {0-1 (23) Krupa,M (2262)-Mihajlovskij,S (2411) Agneaux 2003}) 6. Bxf6 {D20: Queen's Gambit Accepted: 3 e3 and 3 e4} exf6 7. e3 Bd6 8. Bxc4 {The position is equal.} O-O 9. Qf3 c5 10. Nge2 Nc6 11. O-O cxd4 12. exd4 Qc7 13. h3 Nxd4 {[#]} 14. Bxf7+ $1 {[%mdl 512]} Qxf7 15. Nxd4 Be5 16. Rfd1 Rd8 17. Qe3 Bd7 18. Nf3 Re8 {And now ...Bh2+! would win.} 19. Nxe5 Rxe5 20. Qb6 Bc6 {Strongly threatening ...Qg6.} 21. Rd8+ Rxd8 22. Qxd8+ Re8 23. Qd2 (23. Qd1 $15) 23... Qg6 $17 {[%csl Gc6][%cal Rg6g2]} 24. f4 {[#]} (24. g4 $17) 24... Qf5 (24... Re3 $1 $19 {[%mdl 512] is more deadly. Threatens to win with ...Rd3.} 25. f5 {[#]} (25. Qxe3 Qxg2#) 25... Rd3 $1 {[%mdl 512]} 26. fxg6 Rxd2) 25. b4 Re7 26. b5 axb5 27. axb5 Qc5+ (27... Bxb5 $17 {...Bc6 is the strong threat.} 28. Nxb5 Qxb5) 28. Kh2 $11 Bxb5 $2 {[%mdl 8192]} (28... Be8 $11) 29. Ra5 $18 Re3 $2 (29... Qe3 30. Qxe3 Rxe3) 30. Nxb5 {Hoping for Nd6.} Rb3 (30... Kh7 $142 31. Nd6 Qc3 32. Qxc3 Rxc3 33. Nxb7 Rd3) 31. Nd4 {Precision: White = 50%, Black = 33%.} 1-0

[Event "Nacional Masters POR 2017-18"]
[Site "Cascais"]
[Date "2018.08.15"]
[Round "7"]
[White "Santos, Jose Alves"]
[Black "Dias, Paulo"]
[Result "0-1"]
[WhiteElo "2118"]
[BlackElo "2328"]
[Annotator "TA"]
[PlyCount "64"]
[EventDate "2018.08.11"]
[EventType "tourn"]
[EventCountry "POR"]
[SourceTitle "playchess.com"]
[Source "ChessBase"]
[SourceQuality "1"]

{[%evp 13,64,-7,0,-16,0,0,21,8,4,-15,-8,-20,-20,-20,-17,-18,0,0,0,-14,-8,0,0,-32,-32,-42,-45,-50,-45,-46,-30,-37,-38,-72,-57,-62,-53,-75,-82,-62,-70,-206,-207,-202,-193,-192,-169,-146,-154,-134,-141,-136,-152]} 1. e4 e5 2. Nf3 Nc6 3. Bb5 Nf6 4. O-O Nxe4 5. d4 Nd6 6. Bxc6 dxc6 7. Bg5 {C67: Ruy Lopez: Berlin Defence: 4 0-0 Nxe4} (7. dxe5 Nf5 8. Qxd8+ Kxd8 9. h3 Ke8 10. Nc3 h5 11. Rd1 Be7 12. Ne2 Be6 13. Nf4 Bc8 14. Ne2 Be6 15. b3 a5 16. a4 Rd8 17. Bg5 Bd5 18. Bxe7 Kxe7 {1-0 (49) Vachier Lagrave,M (2793)-Nakamura,H (2781) Caleta 2018}) 7... Be7 {LiveBook: 11 Games} 8. dxe5 {[#] Strongly threatening Bxe7.} Ne4 $146 ({Predecessor:} 8... Nf5 9. Qxd8+ Bxd8 10. Rd1 Be7 11. Nc3 h6 12. Bxe7 Nxe7 13. Nd4 a6 14. Ne4 Ng6 15. Nc5 O-O 16. e6 f6 17. a4 b6 18. Nd7 Re8 {0-1 (49) Rasulov,V (2391)-Mikhalevski,V (2608) Budva 2009}) 9. Qxd8+ {The position is equal.} Bxd8 10. Bxd8 Kxd8 11. Nbd2 (11. Nd4 {is more complex.} Ke7 12. Re1 Nc5 13. Nc3 g6 14. f3) 11... Nxd2 12. Rad1 Ke7 13. Rxd2 c5 14. Rfd1 a5 15. Ng5 Bf5 16. f4 h6 17. Nf3 Rhg8 18. Kf2 g5 19. g3 gxf4 20. gxf4 Rg4 21. Ke3 Rag8 22. c3 b6 23. a3 a4 24. Rd5 R4g7 25. Nh4 Be6 {White must now prevent ...Rg4.} 26. R5d2 {Hoping for f5.} Rg4 27. f5 {[#]} (27. Nf3 $15) 27... Bc8 $1 $19 {Black is clearly better.} 28. f6+ Ke6 29. Nf3 Rg2 30. Rd8 Rxd8 31. Rxd8 Bd7 32. Rh8 Bc6 {Precision: White = 38%, Black = 81%.} ({Much less strong is} 32... Rxb2 33. Rxh6 Kd5 34. Rh7 $11) 0-1

[Event "Nacional Masters POR 2017-18"]
[Site "Cascais"]
[Date "2018.08.16"]
[Round "7"]
[White "Margarido, Jose Miguel Teixeir"]
[Black "Martins, Bruno Andre Leite"]
[Result "0-1"]
[WhiteElo "2081"]
[BlackElo "2158"]
[Annotator "TA"]
[PlyCount "118"]
[EventDate "2018.08.11"]
[EventType "tourn"]
[EventCountry "POR"]
[SourceTitle "playchess.com"]
[Source "ChessBase"]
[SourceQuality "1"]

{[%evp 21,118,56,82,74,85,75,76,69,95,96,133,55,53,60,138,151,340,207,398,368,334,145,193,127,129,133,139,132,175,178,170,181,156,135,101,113,106,93,108,46,58,18,11,11,31,29,61,62,73,0,0,-79,0,0,0,0,0,0,0,0,48,0,0,-207,-175,-541,-528,-684,-564,-683,-1562,-3062,-175,-2147,-1738,-3291,-2059,-2689,-1379,-3474,-1457,-5520,-4042,-29954,-29956,-9374,-2497,-29976,-29975,-29977,-29978,-29978,-29979,-29979,-29979,-29971,-29969,-29988,-29985]} 1. e4 c5 2. Nf3 Nc6 3. d4 cxd4 4. Nxd4 g6 5. c4 Bg7 6. Be3 Nf6 7. Nc3 d6 8. Be2 O-O 9. Qd2 Nxd4 10. Bxd4 Bd7 11. f3 Bc6 {LiveBook: 61 Games. B38: Sicilian: Maroczy Bind with 5...Bg7 and 7...0-0} (11... a5 12. b3 Bc6 13. O-O Nd7 14. Be3 Nc5 15. Rab1 e6 16. a3 Be5 17. b4 axb4 18. axb4 Ra3 19. bxc5 Rxc3 20. f4 Bg7 21. e5 dxe5 22. Qxc3 exf4 23. Qd2 Qg5 {0-1 (43) Bu,X (2730)-Savchenko,B (2566) Riadh 2017}) 12. O-O-O a6 13. g4 Qa5 $146 {White is better.} ({Predecessor:} 13... Nd7 14. Be3 Qa5 15. Kb1 Bxc3 16. bxc3 Rfc8 17. h4 b5 18. h5 bxc4 19. hxg6 {1-0 (28) Chernyh,P (1930)-Bugaev,A Abaza 2011}) 14. Kb1 Rfc8 15. h4 b5 {[#]} 16. Rc1 (16. h5 $1 $16) 16... Rab8 $14 17. h5 e5 (17... bxc4 $14 18. hxg6 (18. Bxc4 Qb4 $11) 18... hxg6) 18. Be3 $16 Bd7 $2 (18... Qd8 $16 {was called for.} 19. h6 Bf8) 19. Bh6 ({Don't take} 19. Qxd6 Qc7 $18) 19... Bh8 $2 (19... b4 20. Nd5 Nxd5 21. hxg6 (21. cxd5 Rxc1+ 22. Qxc1 Bf6 $16) (21. exd5 Bf6 $16) 21... fxg6 22. exd5 Bf6) 20. Nd5 $18 {[%cal Rd5e7]} Qd8 21. Nxf6+ (21. hxg6 $18 {has better winning chances.} fxg6 22. g5) 21... Qxf6 {[#]} 22. Bg5 (22. c5 $1 $18 {[%mdl 512]}) 22... Qe6 $16 {[%cal Rb5c4]} 23. hxg6 fxg6 {[%cal Rb5c4]} 24. cxb5 axb5 25. Rxc8+ Rxc8 26. Bd1 {aiming for Bb3.} Qf7 27. Bb3 Be6 28. Bxe6 Qxe6 29. Rd1 Bf6 30. Be3 ({Better is} 30. Bxf6 $16 Qxf6 31. Qd5+ (31. Qxd6 Qxd6 32. Rxd6 Rf8 $16) 31... Kh8 32. Qxd6) 30... Be7 $14 31. Qd5 Qxd5 32. Rxd5 $11 {[%mdl 4096] Endgame KRB-KRB} Rf8 33. Rxb5 {Black must now prevent Bh6.} Rxf3 34. Bh6 $1 Rh3 $1 {[%cal Rh3h6]} 35. Rb8+ ({White should play} 35. Bd2 $16) 35... Kf7 36. g5 (36. Bd2 $11) 36... Re3 (36... Rh4 $17) 37. Rh8 Ke6 38. Rxh7 Rxe4 39. Rg7 Rg4 40. Rxg6+ Kd7 (40... Kf7 $5 41. Rg7+ $8 Ke6 $11) 41. Kc2 Rg2+ 42. Kc1 $2 (42. Kc3 $11 {and White has nothing to worry.}) 42... e4 $19 {[%cal Be5e4,Be4e3,Be3e2][%mdl 32]} 43. Bg7 $2 (43. Rg7) 43... Bxg5+ 44. Kd1 e3 {( -> ...Rd2+)} 45. Bf6 e2+ 46. Ke1 {[#]} Bd2+ $1 {[%mdl 512]} 47. Kxd2 Rxg6 {KR-KB} 48. Bd4 Re6 49. Bf2 Re4 50. b3 d5 51. a4 Kc6 52. Ke1 Rb4 53. Kxe2 Rxb3 54. a5 Ra3 {Black mates.} 55. Be1 Kb5 56. Kd1 Kc4 57. Kc2 Ra2+ 58. Kb1 Kb3 59. Bb4 Rh2 {Precision: White = 43%, Black = 59%.} 0-1

[Event "Nacional Masters POR 2017-18"]
[Site "Cascais"]
[Date "2018.08.16"]
[Round "8"]
[White "Dias, Paulo"]
[Black "Martins, Bruno Andre Leite"]
[Result "1/2-1/2"]
[WhiteElo "2328"]
[BlackElo "2158"]
[Annotator "TA"]
[PlyCount "79"]
[EventDate "2018.08.11"]
[EventType "tourn"]
[EventCountry "POR"]
[SourceTitle "playchess.com"]
[Source "ChessBase"]
[SourceQuality "1"]

{[%evp 25,79,0,5,7,22,22,20,22,22,20,26,27,20,27,41,26,39,38,31,20,20,20,33,40,41,13,16,16,20,23,23,9,9,9,21,22,53,40,26,33,53,33,53,6,43,0,53,0,14,0,0,0,0,0,0,0]} 1. c4 Nf6 2. Nc3 g6 3. Nf3 Bg7 4. g3 O-O 5. Bg2 d6 6. O-O e5 7. d3 Nc6 8. Rb1 a5 9. a3 Re8 10. e4 Bg4 11. h3 {A26: English Opening vs King's Indian with ...Nc6 and d3} Bxf3 12. Bxf3 Nd4 13. Bg2 c6 {LiveBook: 5 Games} (13... Nd7 14. Be3 c6 15. h4 h5 16. Bh3 Kh7 17. Kh2 Qe7 18. Ne2 Ne6 {1-0 (38) Topalov,V (2749)-Bacrot,E (2708) Paris 2017}) 14. Ne2 Nxe2+ 15. Qxe2 Nd7 {[%cal Bf6d7,Bd7f8,Bf8e6,Be6d4][%mdl 32]} 16. b4 axb4 17. axb4 Nf8 18. Be3 Ne6 19. Ra1 $146 Nd4 20. Qb2 Qb6 21. h4 Reb8 22. Kh2 Bf6 23. Rfb1 Ra6 24. Ra3 Rba8 25. Rba1 Bd8 26. Bh3 c5 27. Rxa6 Rxa6 28. Rxa6 (28. Bxd4 {with more complications.} exd4 29. b5 Rxa1 30. Qxa1 Qa5 31. Qd1) 28... bxa6 29. Bxd4 exd4 30. b5 a5 31. Qa2 Qa7 32. Qa4 Bb6 33. Kg2 Kg7 34. Bc8 Qa8 35. Bd7 Qa7 (35... h5 $11) 36. Bc6 h5 {The position is equal.} 37. Bd5 Qd7 38. f3 Qa7 39. Bc6 Kg8 40. Kh1 {Precision: White = 45%, Black = 52%.} 1/2-1/2

[Event "Nacional Masters POR 2017-18"]
[Site "Cascais"]
[Date "2018.08.16"]
[Round "8"]
[White "Padeiro, Jose Joao Tato"]
[Black "Margarido, Jose Miguel Teixeir"]
[Result "1/2-1/2"]
[WhiteElo "2241"]
[BlackElo "2081"]
[Annotator "TA"]
[PlyCount "55"]
[EventDate "2018.08.11"]
[EventType "tourn"]
[EventCountry "POR"]
[SourceTitle "playchess.com"]
[Source "ChessBase"]
[SourceQuality "1"]

{[%evp 15,55,0,12,-5,0,-37,-34,-41,-40,-39,-49,-52,-43,-61,-20,-134,-66,-85,-66,-131,-88,-84,-77,-124,-126,-131,-43,-74,-41,-37,-37,-43,-46,-52,-38,-47,-26,-45,-38,-36,-10,-39]} 1. d4 Nf6 2. Nc3 d5 3. Bg5 Bf5 4. Bxf6 exf6 5. e3 c6 6. Bd3 Bxd3 7. Qxd3 Bb4 8. Nge2 O-O {LiveBook: 8 Games. D01: Veresov Opening} 9. O-O-O Re8 10. Kb1 $146 ({Predecessor:} 10. g4 Nd7 11. h4 b5 12. Rdg1 Nb6 13. Nf4 Bf8 14. g5 Nc4 15. Nh5 Nd6 16. gxf6 {1-0 (79) Sebestyen,B (2321)-Kovacs,B (2302) Hungary 2005}) 10... Nd7 {Black is slightly better.} 11. a3 Bf8 12. e4 dxe4 13. Nxe4 Qb6 14. N2g3 Rad8 15. f3 (15. h4 $11) 15... Qa5 (15... g6 $17 16. Rhe1 f5) 16. Qb3 Qc7 17. Rd2 (17. Rhe1 $15) 17... b5 18. Rhd1 Nb6 19. Nc3 a5 20. a4 Nd5 (20... Ra8 $17 21. Rf2 (21. axb5 $2 a4 $19) 21... b4) 21. Nxd5 Rxd5 22. Ne4 bxa4 23. Qxa4 Rb8 24. Nc3 Qb6 {[%csl Gb8][%cal Rb6b2] [#]} 25. Qa2 Rdd8 26. Na4 Qb5 27. Rd3 Bb4 28. Ka1 {Precision: White = 36%, Black = 57%.} 1/2-1/2

[Event "Nacional Masters POR 2017-18"]
[Site "Cascais"]
[Date "2018.08.16"]
[Round "8"]
[White "Santos, Antonio Pereira"]
[Black "Dias, Ivo Rodrigues"]
[Result "1-0"]
[WhiteElo "2194"]
[BlackElo "2164"]
[Annotator "TA"]
[PlyCount "47"]
[EventDate "2018.08.11"]
[EventType "tourn"]
[EventCountry "POR"]
[SourceTitle "playchess.com"]
[Source "ChessBase"]
[SourceQuality "1"]

{[%evp 25,47,15,27,23,15,9,53,43,47,6,25,26,103,95,700,689,692,678,702,701,701,685,2474,2324]} 1. d4 Nf6 2. c4 e6 3. Nf3 d5 4. g3 Be7 5. Bg2 O-O 6. O-O dxc4 7. Qc2 a6 8. a4 Bd7 9. Ne5 Bc6 10. Nxc6 Nxc6 11. e3 Na5 12. Nd2 c5 13. dxc5 {E05: Open Catalan: 5 Nf3 Be7} Qc7 {LiveBook: 7 Games} (13... Rc8 14. b4 cxb3 15. Nxb3 Nxb3 16. Qxb3 Nd7 17. Ba3 Nxc5 18. Bxc5 Rxc5 19. Qxb7 a5 20. Rfd1 Qc7 21. Rab1 Rd8 22. Qxc7 Rxd1+ 23. Rxd1 Rxc7 24. Bf1 g6 25. Bb5 Kg7 26. Rd7 Rxd7 27. Bxd7 {½-½ (27) Meier,G (2632)-Leko,P (2737) Dortmund 2014}) 14. Nxc4 Qxc5 15. b3 {[#] aiming for Ba3.The position is equal.} Nxc4 $146 ({Predecessor:} 15... Rac8 16. Qb1 Nxc4 17. bxc4 Rc7 18. Bb2 Nd7 19. a5 Rfc8 20. Ba3 Qg5 {½-½ (46) Urban,K (2485)-Rozentalis,E (2575) Lubniewice 1998}) 16. bxc4 Qc7 17. c5 Nd7 18. c6 Nb6 (18... bxc6 $11 {remains equal.} 19. Qxc6 Qxc6 20. Bxc6 Ra7) 19. Be4 $16 h6 $2 {[%mdl 8192]} (19... Rab8 $16) 20. cxb7 $18 {White is clearly winning.} Qxc2 21. bxa8=Q ({Weaker is} 21. Bxc2 Ra7 $16) 21... Qc3 22. Qb7 Qxa1 23. Qxe7 {[#] Ba3 is the strong threat.} Nxa4 24. Ba3 1-0

[Event "Nacional Masters POR 2017-18"]
[Site "Cascais"]
[Date "2018.08.16"]
[Round "8"]
[White "Fidalgo, Andre Neves"]
[Black "Martins, David Pires Tavares"]
[Result "0-1"]
[WhiteElo "2187"]
[BlackElo "2397"]
[Annotator "ChessBase"]
[PlyCount "142"]
[EventDate "2018.08.11"]
[EventType "tourn"]
[EventCountry "POR"]
[SourceTitle "playchess.com"]
[Source "ChessBase"]
[SourceQuality "1"]
[TimeControl "5400+30"]

1. d4 {[%emt 0:00:00]} d6 {[%emt 0:00:00]} 2. c4 {[%emt 0:00:00]} f5 {[%emt 0:00:00]} 3. Nc3 {[%emt 0:00:00]} Nf6 {[%emt 0:00:00]} 4. Bg5 {[%emt 0:00:05]} Nbd7 {[%emt 0:00:37]} 5. Qc2 {[%emt 0:00:09]} g6 {[%emt 0:00:10]} 6. e4 {[%emt 0:00:26]} Nxe4 {[%emt 0:00:31]} 7. Nxe4 {[%emt 0:00:08]} fxe4 {[%emt 0:00:04]} 8. Qxe4 {[%emt 0:00:10]} Bg7 {[%emt 0:00:11]} 9. O-O-O {[%emt 0:02:26]} c5 {[%emt 0:03:32]} 10. Nf3 {[%emt 0:03:52]} Nf6 {[%emt 0:01:27]} 11. Qc2 {[%emt 0:00:28]} cxd4 {[%emt 0:00:40]} 12. Nxd4 {[%emt 0:04:58]} Qa5 {[%emt 0:00:15]} 13. Bxf6 {[%emt 0:11:09]} Bxf6 {[%emt 0:00:15]} 14. Kb1 {[%emt 0:00:30]} O-O {[%emt 0:01:55]} 15. Nb3 {[%emt 0:00:47]} Qb4 {[%emt 0:05:29]} 16. h4 {[%emt 0:04:08]} Bf5 {[%emt 0:09:17]} 17. Bd3 {[%emt 0:00:19]} Rac8 {[%emt 0:00:10]} 18. Bxf5 {[%emt 0:02:36]} gxf5 {[%emt 0:00:11]} 19. Qxf5 {[%emt 0:03:28]} Kh8 {[%emt 0:16:16]} 20. Qb5 {[%emt 0:25:08]} Rxc4 {[%emt 0:10:14]} 21. Qxb4 {[%emt 0:00:39]} Rxb4 {[%emt 0:00:06]} 22. g3 {[%emt 0:01:01]} Rc8 {[%emt 0:02:24]} 23. Rc1 {[%emt 0:00:43]} Rc6 {[%emt 0:00:33]} 24. Rhe1 {[%emt 0:04:55]} Kg7 {[%emt 0:01:22]} 25. Re2 {[%emt 0:02:02]} Kg6 {[%emt 0:01:07]} 26. Rxc6 {[%emt 0:09:56]} bxc6 {[%emt 0:00:08]} 27. Nc1 {[%emt 0:00:07]} Kf5 {[%emt 0:01:10]} 28. f3 {[%emt 0:01:04]} Rd4 {[%emt 0:03:45]} 29. Kc2 {[%emt 0:00:12]} Rc4+ {[%emt 0:00:08]} 30. Kd1 {[%emt 0:01:08]} e5 {[%emt 0:04:44]} 31. Nd3 {[%emt 0:01:07]} h5 {[%emt 0:01:30]} 32. b3 {[%emt 0:02:35]} Rd4 {[%emt 0:03:30]} 33. Kc2 {[%emt 0:00:06]} Bd8 {[%emt 0:04:53]} 34. Kc3 {[%emt 0:01:14]} Ba5+ {[%emt 0:00:25]} 35. Kc2 {[%emt 0:01:00]} Bb6 {[%emt 0:01:58]} 36. Kc3 {[%emt 0:00:53]} Ba5+ {[%emt 0:07:49]} 37. Kc2 {[%emt 0:00:08]} c5 {[%emt 0:00:08]} 38. Nb2 {[%emt 0:02:58]} Bc7 {[%emt 0:00:38]} 39. Nd3 {[%emt 0:00:16]} Bb6 {[%emt 0:01:09]} 40. a3 {[%emt 0:02:42]} c4 {[%emt 0:00:26]} 41. bxc4 {[%emt 0:00:18]} Rxc4+ {[%emt 0:00:06]} 42. Kb3 {[%emt 0:00:33]} Rc8 {[%emt 0:00:26]} 43. Nb4 {[%emt 0:00:14]} Rg8 {[%emt 0:00:38]} 44. Rg2 {[%emt 0:00:30]} e4 {[%emt 0:00:48]} 45. fxe4+ {[%emt 0:00:39]} Kxe4 {[%emt 0:00:09]} 46. Kc4 {[%emt 0:00:35]} d5+ {[%emt 0:01:02]} 47. Kb5 {[%emt 0:00:47]} Be3 {[%emt 0:01:41]} 48. Rc2 {[%emt 0:02:58]} Rb8+ {[%emt 0:01:31]} 49. Ka4 {[%emt 0:00:26]} d4 {[%emt 0:02:23]} 50. Rc7 {[%emt 0:00:06]} Rd8 {[%emt 0:00:48]} 51. Rh7 {[%emt 0:04:03]} d3 {[%emt 0:00:28]} 52. Nxd3 {[%emt 0:00:19]} Rxd3 {[%emt 0:09:15]} 53. Rxh5 {[%emt 0:00:06]} Bc1 {[%emt 0:00:14]} 54. g4 {[%emt 0:07:03]} Rxa3+ {[%emt 0:00:11]} 55. Kb4 {[%emt 0:00:05]} Rg3 {[%emt 0:03:46]} 56. Rh7 {[%emt 0:00:43]} Be3 {[%emt 0:01:00]} 57. g5 {[%emt 0:00:08]} Kd5 {[%emt 0:00:42]} 58. Rd7+ {[%emt 0:01:44]} Kc6 {[%emt 0:00:17]} 59. Rh7 {[%emt 0:00:19]} Bc5+ {[%emt 0:00:29]} 60. Kc4 {[%emt 0:00:12]} Rg4+ {[%emt 0:00:12]} 61. Kc3 {[%emt 0:00:18]} Kb5 {[%emt 0:00:27]} 62. Rb7+ {[%emt 0:00:29]} Bb6 {[%emt 0:00:06]} 63. Rh7 {[%emt 0:00:33]} a5 {[%emt 0:00:20]} 64. Rh5 {[%emt 0:00:22]} Rg3+ {[%emt 0:00:20]} 65. Kc2 {[%emt 0:00:16]} Kc4 {[%emt 0:00:13]} 66. Rh8 {[%emt 0:00:34]} Rg2+ {[%emt 0:00:26]} 67. Kc1 {[%emt 0:00:16]} Bd4 {[%emt 0:00:49]} 68. Rc8+ {[%emt 0:00:46]} Kd3 {[%emt 0:00:09]} 69. Kb1 {[%emt 0:00:06]} Rb2+ {[%emt 0:01:31]} 70. Kc1 {[%emt 0:00:05]} a4 {[%emt 0:00:23]} 71. Ra8 {[%emt 0:00:46]} Rg2 {[%emt 0:00:16]} 0-1

[Event "Nacional Masters POR 2017-18"]
[Site "Cascais"]
[Date "2018.08.16"]
[Round "8"]
[White "Santos, Jose Alves"]
[Black "Guerra, Vitor Manuel Vestia"]
[Result "1-0"]
[WhiteElo "2118"]
[BlackElo "2127"]
[Annotator "TA"]
[PlyCount "173"]
[EventDate "2018.08.11"]
[EventType "tourn"]
[EventCountry "POR"]
[SourceTitle "playchess.com"]
[Source "ChessBase"]
[SourceQuality "1"]

{[%evp 15,173,22,14,0,7,-54,-40,-46,-11,-27,-20,-9,-25,-29,-25,-45,-41,-100,-99,-108,-44,-40,-41,-69,-21,-63,-52,-66,-50,-55,-39,-25,0,0,0,0,0,0,0,0,0,-77,-43,-79,-79,-80,-79,-77,-77,-69,19,23,20,23,45,33,45,-8,-8,-8,-8,-8,-8,-8,0,0,0,-181,-181,-181,-175,-172,0,0,21,21,37,21,21,21,21,21,21,21,425,125,425,427,559,787,1157,721,1020,1004,1248,937,984,903,933,636,973,964,968,691,600,598,679,0,984,681,792,421,1000,961,977,786,966,411,965,958,956,846,690,573,447,372,1714,1274,6114,1689,1346,1218,2136,2136,1394,1218,1204,1191,1120,1086,1086,1074,994,908,1851,1318,29974,29975,29974,29968,29975,29973,29976,29977,29976,29975,29971,29971,29979,29979]} 1. e4 c5 2. c3 Nf6 3. e5 Nd5 4. d4 cxd4 5. cxd4 d6 6. Nf3 Nc6 7. Bc4 e6 8. O-O Be7 {LiveBook: 1816 Games} 9. Bb3 {B22: Sicilian: 2 c3} (9. Qe2 O-O 10. a3 Bd7 11. exd6 Bxd6 12. Nc3 Nce7 13. Ne4 Bc6 14. Ne5 Rc8 15. Rd1 Bb8 16. Ng5 Be8 17. Bd3 Nf6 18. Ngf3 Ned5 19. Bd2 a6 20. Rac1 Rxc1 21. Rxc1 Qb6 22. Nc4 Qd8 23. Nce5 Qb6 24. Nc4 Qd8 {½-½ (24) Vachier Lagrave,M (2789)-Caruana,F (2816) Leuven 2018}) 9... O-O 10. Nbd2 (10. exd6 $11 Qxd6 11. Nc3) 10... b6 $146 ({Predecessor:} 10... dxe5 11. dxe5 b6 12. Qe2 Ndb4 13. Qe4 Qd3 14. Qf4 Ba6 15. Re1 Qg6 16. Qe4 Rac8 17. Qxg6 hxg6 {0-1 (35) Wichmann,D (2246)-Klink,T (2301) Germany 2003}) 11. Ne4 {Black is slightly better.} Ba6 {[#]} 12. exd6 $1 {[%mdl 512]} Bxd6 13. Re1 Bb4 14. Bd2 Bxd2 15. Nexd2 Rc8 16. Rc1 (16. Ne4 $15) 16... Nf4 $1 $17 17. Nc4 Nb4 (17... Qf6 $17 {Hoping for ...Nb4.} 18. Rc3 Rfd8) 18. Rc3 $15 Nbd5 19. Rc1 Qc7 {And now ...b5 would win.} 20. a4 Nb4 {...Nbd3 is the strong threat.} 21. Re3 Qc6 22. Qd2 Nbd5 23. Re4 b5 24. Nfe5 Qb7 25. Nd6 Rxc1+ 26. Qxc1 Qe7 $36 {[%mdl 2048] Black is more active.} 27. Qc6 Nb4 28. Qc5 (28. Qd7 $11 {remains equal.} Qxd7 29. Nxd7) 28... Nbd3 29. Nxd3 Nxd3 30. Qc6 Nb4 $1 {[%cal Rb4c6]} 31. Qc5 bxa4 $1 32. Bxa4 Nd5 (32... Rd8 $15 33. Qxb4 Qxd6 34. Qxd6 Rxd6) 33. Qxd5 $11 Rd8 34. Nf5 Qg5 {( -> ...Qc1+)} 35. Qa5 exf5 36. Qxd8+ ({White should try} 36. Re1 $14 Qf6 37. Bb3) 36... Qxd8 37. Re8+ {[#]} Qxe8 $1 {[%mdl 512]} 38. Bxe8 {[%mdl 4096] Endgame KB-KB} Kf8 39. Bc6 Ke7 40. f4 Kd6 41. Ba8 $2 (41. Bf3 $11) 41... Bd3 $19 42. Bf3 Be4 {aiming for ...Bxf3.} 43. Kf2 a5 $2 ({Better is} 43... Kd5 $1 $19 {Strongly threatening ...Bxf3.} 44. Ke3 Bxf3 45. gxf3 f6) 44. Ke3 $11 Bb1 45. g3 f6 46. Kd2 Be4 47. Be2 Bc6 48. Kc3 g5 49. Ba6 h5 $2 {[%mdl 8192]} (49... Bf3 $11) 50. Bc8 $2 (50. h4 $1 $18 {is the precise move to win.} gxh4 51. gxh4) 50... Be4 $2 {[%mdl 8192]} (50... h4 $16) 51. h4 $1 $18 gxh4 52. gxh4 Bb1 53. Kd2 Kd5 54. Ke3 Bc2 55. Bd7 Kd6 56. Bb5 Bb3 57. Be8 Bd1 58. Kd3 Kd5 59. Bf7+ Kd6 60. Bc4 Bf3 61. Bf7 Bd1 $1 62. Kc4 Be2+ 63. Kb3 Bd1+ (63... Kc7 $142 64. Bg6 Bg4) 64. Ka3 Kc6 65. Bb3 Bg4 66. Ka4 (66. Be6 $142 Bd1 67. b3 (67. Bxf5 Kd5 $15)) 66... Kb6 67. Bf7 Bd1+ 68. b3 Be2 69. Bc4 Bf3 70. d5 Bd1 $2 (70... Be4 71. Be2 Bxd5 72. Bxh5 Bc6+ 73. Ka3 Kc7) 71. d6 Kc6 72. Kxa5 Kxd6 73. Kb6 Bf3 74. b4 Bd1 75. Bf7 Be2 76. Bg8 Bd3 77. Bb3 Be2 78. Bc2 Kd5 79. Bxf5 Kd4 80. Bd7 Ke3 {[#]} 81. f5 $1 {White mates.} Kf4 82. Kc7 Kg4 {[#]} 83. Kd6 $1 {[%cal Rd6e7]} ({Worse is} 83. b5 Bxb5 84. Bxb5 Kxf5 $11) 83... Kxh4 84. b5 {[%cal Bb4b5,Bb5b6][%mdl 32]} Kg5 85. b6 Ba6 {[#]} 86. Bb5 $1 {[%mdl 512]} Bb7 (86... Bxb5 87. b7) 87. Kc7 {Precision: White = 64%, Black = 34%.} 1-0